| 000 | 02063cam a22001934a 4500 | ||
|---|---|---|---|
| 005 | 20250605164140.0 | ||
| 008 | 250528s ||||||||||||||||||||||||d | ||
| 035 | _a18950 | ||
| 020 | _a9604056115 | ||
| 040 |
_aGR-AtMCL _bgre _dGR-AtMCL _eAACR2 |
||
| 245 | 1 | _aΒασική Γραφιστική Υποδομή / Το Βιβλίο αυτό μπορεί να αποτελέσει για τον Εκπαιδευόμενο, Εργαλείο για Κατανόηση των Βασικών Στοιχείων, που Συνθετουν την Εφαρμοσμενη Τέχνη της Γραφιστικής | |
| 260 |
_bΊων, _c1995 |
||
| 300 | _a112 | ||
| 520 | _aΤο Βιβλίο αυτό μπορεί να αποτελέσει για τον Εκπαιδευόμενο, Εργαλείο για Κατανόηση των Βασικών Στοιχείων, που Συνθετουν την Εφαρμοσμενη Τέχνη της Γραφιστικής. Ορόσημα στην Ιστορία της Τυπογραφίας, Ο Γραφίστας και το Ελεύθερο Σχέδιο, Ο Γραφίστας και το Γραμμικό Σχέδιο, Ο Γραφίστας και το Χαρτί, Ο Γραφίστας και τα Συστήματα Εκτύπωσης, Τα Εργαλεία της Εικαστικής Γλώσσας του Γραφίστα, Τυπογραφικά Στοιχεία, Το Τυπογραφικό Στοιχείο και ο Χώρος, Η Σωστή Τοποθέτηση του Τυπογραφικού Στοιχείου, Εικόνα, Η Φόρμα, Τα Σχήματα, Στυλιζάρισμα και Απλοποίηση, Η Εικόνα και το Εργαλείο Χάραξης της, Φωτογραφική Επεξεργασία Εικόνας, Εταιρική Ταυτότητα, Συσκευασία, Εφαρμογές του Σήματος - Λογότυπου, Διαφημιστική Καμπάνια. | ||
| 700 | 1 |
_aΜπέσης Σπύρος Π _95231 |
|
| 942 | _cBK | ||
| 999 |
_c4247 _d4247 |
||